00733nam a2200205 a 450000100100000000500170001000800410002704000250006808200150009310000300010824500780013826000810021630000180029749000180031550400290033383000260036204900090038895201130039799900170051000002990320200930055909.0110426s1971 dr 000 0 spa d aDO-SdBNPbspacBNPHU axxxbC963a1 aCucurullo, Orestes95384910aAspectos políticos de la planificación familiar /cOrestes Cucurullo. aSanto Domingo :bAsociación Dominicana Pro-Bienestar de la Familia,c1971. c12 p.c21 cm.1 aDocumentosv5 aBibliografía : p. [13] 0aDocumentos ;v591047 aBNPD 0010718PDaPDbPDcCTd2011-04-26iLF1l0oxxx C963ap29903-10r2020-06-25w2020-06-25yLFPDZNo se presta c29395d29395